|
|
|
|
| LEADER |
00000cam a2200000 a 4500 |
| 001 |
vtls001057869 |
| 003 |
SK-MaSNL |
| 005 |
20260301061630.0 |
| 008 |
240314s1960 xr e 00000 cze |
| 015 |
|
|
|a SNBA1960
|
| 035 |
|
|
|a SNK000000677
|
| 040 |
|
|
|a SNK
|b slo
|c SNK
|e AACR2
|
| 041 |
0 |
|
|a cze
|
| 044 |
|
|
|a xr
|c CZ
|
| 100 |
1 |
|
|a Bartošková, Šárka,
|d 1924-1982
|4 aut
|9 187433
|
| 245 |
1 |
0 |
|a Československé filmy 1958-1959
|b (Filmografie)
|c Šárka Bartošková
|
| 260 |
|
|
|a Praha
|b Čs. film
|c 1960
|
| 300 |
|
|
|a 209 s.
|c 4°
|
| 958 |
|
|
|a OND
|
| 958 |
|
|
|a RK
|
| 999 |
|
|
|c 617849
|d 619779
|
| 952 |
|
|
|a SNK
|b SNK
|y PREZ
|7 0
|p 17A0890526
|o snkSB 17723
|i snkK 131/72
|8 3
|0 0
|1 0
|4 0
|d 2012-07-24
|f 1
|l 0
|r 2025-03-19 00:00:00
|w 2026-02-23
|